| 000 | 01092nam a22002657a 4500 | ||
|---|---|---|---|
| 999 |
_c7919 _d7919 |
||
| 003 | AR-CdUCM | ||
| 008 | 190321b ||||| |||| 00| 0 spa d | ||
| 040 |
_aMUNICIPALIDAD PROVINCIAL DEL CUSCO _cBIBLIOTECA MUNICIPAL DEL CUSCO |
||
| 082 |
_a709.8501 / _bT81 |
||
| 100 |
_aTrimborn, H. _922381 |
||
| 110 |
_aBiblioteca Nacional _95606 |
||
| 245 |
_aCatólogo de la exposición de] arte inca (Colección J.L) / _cH. Trimborn; P. F. Vega |
||
| 260 |
_aMadrid : _bImprenta Martosa Leganitos, _c1935. |
||
| 300 |
_a160 páginas ; _c18.5 cm. |
||
| 500 | _aDonación de la familia Nieto. | ||
| 505 | _aContenido: Recipientes de madera -- Recipientes de cerámica -- Recipientes de paja -- Vasos colgantes ... | ||
| 650 |
_aExposiciones de arte peruano - Época prehispánica _922382 |
||
| 650 |
_aExposiciones - Madrid - Arte prehispánico _922383 |
||
| 650 |
_aCatálogos - Arte peruano - Época inca _922384 |
||
| 700 |
_aVega, P. F. _922385 |
||
| 710 |
_aAcademia de la historia _922386 |
||
| 710 |
_aPatronato de la Biblioteca Nacional _922387 |
||
| 942 |
_2ddc _cLIBROS |
||
| 945 | _alccs | ||